000 00643nam a22002057a 4500
999 _c166735
_d166735
005 20190807111311.0
010 _aENG-126138
020 _c150.00
_a978-93-86125-14-9
035 _aEN-109670
037 _bDBAD/PUB
082 _a881
100 _aElahi,Raza
245 _aJazba-E-Mohabbat:
_cbyVivek Chadha
_bRomance, Love &Poetry
260 _bM.R.Publications
_aNew Delhi
_c2019
270 _bNew Delhi
_a2724-25,First Floor Kuch Chelan, Daryaganj,
_e110002
_mabdus26@hotmail.com
_k09810784549
300 _a80p.
_c22cm(hb)
500 _ait includes bibliography
700 _aRaza Elahi
942 _2ddc
_cEN
_h881
_mELA